Star Wars A-Z #1 - Statistics

General Stats
  • This quiz has been taken 154 times
  • The average score is 22 of 26
Answer Stats
Letter Hint Answer % Correct
A The Chosen One Anakin
99%
C Wookie Friend of Letter H Chewbacca
98%
H Scoundrel Who completed the Kessel Run in 12 Parsecs Han Solo
98%
J The People That Use the Magical Force Mentioned Eariler and Fight For Good Jedi
97%
L The Main Hero of Episodes 4, 5, 6, and appears in the sequel trilogy; Son of Letter A Luke Skywalker
97%
F The Magical Energy That Is In Everything and Everyone and Allows Its Master to Harness It and Use It The Force
97%
M Famous star ship piloted by Letter H. Millennium Falcon
96%
R Droid Companion to C-3po R2D2
96%
B Name of Bounty Hunter from Episode 5 Boba Fett
95%
S Evil wielders of the force Sith
95%
V Darth_____ He is the Father of L Vader
95%
N Planet Made up of mostly land and water. Letter P was the queen and later the senator Naboo
94%
E The Faction that ruled over the galaxy in Episodes 4, 5, 6, among others The Empire
94%
Y Jedi Master who is 900 Years old Yoda
94%
D The Moon like Battle Station in Episode 4 & 6 Death Star
93%
P Leader and later Senator Letter N. Marries A Padme
93%
Q Jedi who took Letter A to Coruscant Qui-Gon Jin
93%
T Planet Made of mostly sand and rock. In the outer rim. Birthplace to A Tatooine
91%
O Tragic Event during 19 BBY. Clones went against their generals and killed them. Order 66
90%
X A type of star ship that is shaped like an X X Wing
88%
K The Center and Most Important Part of A light saber; Gives the Blade It's Color Kyber Crystal
80%
G The red and orange planet found in the Clone Wars and Episode 2 Geonosis
78%
W A yeti type creature from the planet Hoth Wampa
60%
I Evil People Who Go Around Hunting and Killing Letter J's Inquisitors
59%
U Famous Line Said by the JAWA! Utini
37%
Z A bounty hunter that looks like an insect Zuckuss
20%
No matching quizzes found
Score Distribution
Percent of People with Each Score
Percentile by Number Answered
Your Score History
You have not taken this quiz